Advanced Analytical Geometry (Record no. 793)

MARC details
000 -LEADER
Fixed length control field 00497nam a2200181 4500
003 - CONTROL NUMBER IDENTIFIER
Control field SEACOMMC
005 - DATE AND TIME OF LATEST TRANSACTION
Control field 20250425131106.0
008 - FIXED-LENGTH DATA ELEMENTS--GENERAL INFORMATION
Fixed length control field 241125b |||||||| |||| 00| 0 eng d
020 ## - INTERNATIONAL STANDARD BOOK NUMBER / ISBN
International Standard Book Number 978-93-8067-348-6
Price Rs.180.00
040 ## - CATALOGING SOURCE
Original cataloging agency SEACOMMC
082 ## - DEWEY DECIMAL CLASSIFICATION NUMBER
Classification number 516.3
Book Number C 425
100 ## - MAIN ENTRY--PERSONAL NAME
Personal name Chakravorty J.G
245 1# - TITLE STATEMENT
Title Advanced Analytical Geometry
Statement of responsibility J.G.Chakravorty [and] P.R. Ghosh
250 ## - EDITION STATEMENT
Edition statement 11th ed.
260 ## - IMPRINT
Place of publication Kolkata
Name of publisher U.N.Dhur and Sons
Date of publication 2006
650 ## - SUBJECT ADDED ENTRY--TOPICAL TERM
Topical term Mathematics
942 ## - ADDED ENTRY ELEMENTS (KOHA)
Koha item type Books
Holdings
Withdrawn status Lost status Source of classification Damaged status Not for loan Home library Current library Shelving location Date acquired Total Checkouts Call number Accession number Date last seen Price effective from Koha item type Copy number
    Dewey Decimal Classification     SEACOM MANAGEMENT COLLEGE SEACOM MANAGEMENT COLLEGE Reference 21/11/2007   516.3 C 425 M-1011 25/11/2024 25/11/2024 Books  
    Dewey Decimal Classification     SEACOM MANAGEMENT COLLEGE SEACOM MANAGEMENT COLLEGE   21/11/2007   516.3 C 425 M-1012 25/11/2024 25/11/2024 Books 1
    Dewey Decimal Classification     SEACOM MANAGEMENT COLLEGE SEACOM MANAGEMENT COLLEGE   21/11/2007   516.3 C 425 M-1013 25/11/2024 25/11/2024 Books 2
    Dewey Decimal Classification     SEACOM MANAGEMENT COLLEGE SEACOM MANAGEMENT COLLEGE   21/11/2007   516.3 C 425 M-1014 25/11/2024 25/11/2024 Books 3
    Dewey Decimal Classification     SEACOM MANAGEMENT COLLEGE SEACOM MANAGEMENT COLLEGE   21/11/2007   516.3 C 425 M-1015 25/11/2024 25/11/2024 Books 4
© Seacom Engineering College, All rights reserved.    Powered by Koha